000 00446nam a22001697a 4500
005 20230224142515.0
008 230224b ||||| |||| 00| 0 eng d
040 _cAL
041 _aEnglish
082 _223
_a311/3
_bGUPS
100 _aS P Gupta
_973246
245 _aStatistical Methods
260 _aNew Delhi
_bSulthan Chand and sons
_c1995
650 _a Mathematical Statistics
_973247
700 _aGUPTA (S P)
_973248
942 _2ddc
_cBB
999 _c226815
_d226815